| 000 | 00418nam a2200133 4500 | ||
|---|---|---|---|
| 999 |
_c13263 _d13263 |
||
| 008 | 190221b ||||| |||| 00| 0 eng d | ||
| 082 | _aDPer 050 T48 Apr-June 2016 v. 187, n. 12-24. | ||
| 100 |
_937066 _aPark, Alice |
||
| 245 |
_aHow income affects U.S. life spans/ _cAlice Park. |
||
| 260 |
_aHong Kong; _bTime Asia, _cc2016. |
||
| 300 |
_av187 n15, page 10: _c27 cm. |
||
| 650 |
_aLongevity. _937067 |
||
| 942 |
_2ddc _cPER |
||